000 00298nam a22001337a 4500
008 170922b xxu||||| |||| 00| 0 eng d
020 _a9781413001921
041 _aeng
080 _27TH
_a37
100 _a46
101 _aARK
245 _aTHE WADSWORTH HANDBOOK
_cKIRSZNER,L,G
942 _2udc
_cBK
999 _c29006
_d29006